Para comprender el ecumenismo
Salvato in:
| Autore principale: | |
|---|---|
| Natura: | Libro |
| Lingua: | spagnolo |
| Pubblicazione: |
Estella
Verbo Divino
1991
|
| Soggetti: | |
| Tags: |
Aggiungi Tag
Nessun Tag, puoi essere il primo ad aggiungerne!!
|
MARC
| LEADER | 00000nam a2200000 a 4500 | ||
|---|---|---|---|
| 001 | UCY5359 | ||
| 003 | CL-VaPUC | ||
| 008 | 950508e19910000SP |||||||||||||||||spa|d | ||
| 082 | 0 | 4 | |a 270.82 |b BOS |2 21 |
| 100 | 0 | |a Bosch Navarro, Juan |e author |9 334068 | |
| 245 | 1 | 0 | |a Para comprender el ecumenismo |
| 300 | |a 231 p | ||
| 942 | |c BK | ||
| 945 | |d 19950508 00:00:00 |a aalvarez | ||
| 260 | |a Estella |b Verbo Divino |c 1991 | ||
| 650 | 0 | |a Ecumenismo |9 255639 | |
| 650 | 0 | |a Iglesia |9 255004 | |
| 650 | 0 | |a Cristianismo |9 257361 | |
| 583 | |a last modification |c 20160418 09:10:00 |k Rodrigo Vera | ||
| 999 | |c 233033 |d 233031 | ||
| 952 | |0 0 |1 0 |4 0 |6 270_820000000000000_BOS_1991 |7 0 |8 A |9 238086 |a BIBTEO |b BIBTEO |d 2019-11-18 |i 3081141 |o 270.82 BOS 1991 |p 3081141 |r 2025-01-17 |w 2019-11-18 |y BK |k ICR | ||